|
|
|
|
| LEADER |
00000cam a2200000 7i4500 |
| 001 |
0000057507 |
| 005 |
20160214.0 |
| 008 |
151229 |
| 020 |
|
|
|a 9789670342573
|
| 090 |
0 |
0 |
|a 899.231
|b AHM
|
| 100 |
0 |
|
|a Ahmad Fedtri Yahya
|
| 245 |
0 |
0 |
|a Pantun penyeri pengantin
|c Ahmad Fedtri Yahya
|
| 260 |
|
|
|a Selangor :
|b Grup Buku Karangkraf Sdn. Bhd ,
|c 2012
|
| 300 |
|
|
|a 115 p. ;
|c 22.5 cm.
|
| 650 |
|
0 |
|a Malay poetry
|
| 650 |
|
0 |
|a Pantoums
|
| 999 |
|
|
|a 0001380303
|b Book
|c Adult Collection
|e Perbadanan Perpustakaan Awam Johor
|
| 999 |
|
|
|a 0001380304
|b Book
|c Adult Collection
|e Cawangan Urban Transformation Centre
|
| 999 |
|
|
|a 0001380878
|b Book
|c Adult Collection
|e Cawangan Tangkak
|
| 999 |
|
|
|a 0001380879
|b Book
|c Adult Collection
|e Cawangan Segamat
|
| 999 |
|
|
|a 0001380880
|b Book
|c Adult Collection
|e Cawangan Bukit Gambir
|
| 999 |
|
|
|a 0001380881
|b Book
|c Adult Collection
|e Cawangan Muar
|
| 999 |
|
|
|a 0001380882
|b Book
|c Adult Collection
|e Cawangan Batu Pahat
|
| 999 |
|
|
|a 0001380883
|b Book
|c Adult Collection
|e Cawangan Taman Sri Lambak
|
| 999 |
|
|
|a 0001380884
|b Book
|c Adult Collection
|e Cawangan Bandar Penawar
|
| 999 |
|
|
|a 0001380885
|b Book
|c Adult Collection
|e Cawangan Mersing
|
| 999 |
|
|
|a 0001380886
|b Book
|c Adult Collection
|e Cawangan Sri Merlong
|
| 999 |
|
|
|a 0001380887
|b Book
|c Adult Collection
|e Cawangan Pontian
|
| 999 |
|
|
|a 0001380888
|b Book
|c Adult Collection
|e Cawangan Tmn. Ungku Tun Aminah
|
| 999 |
|
|
|a 0001380889
|b Book
|c Adult Collection
|e Cawangan Kota Tinggi
|
| 999 |
|
|
|a 0001380890
|b Book
|c Adult Collection
|e Cawangan Bandar Tenggara
|